| 000 | 00765nam a22001697a 4500 | ||
|---|---|---|---|
| 999 |
_c371497 _d371497 |
||
| 008 | 201127b ||||| |||| 00| 0 eng d | ||
| 040 |
_aDE-2950 _bger _cDE-2950 _erda |
||
| 041 | _ager | ||
| 245 |
_aDer Goethe des Oderbruchs. _bLiteratur: Anneliese Großpietsch erinnert an den im Januar verstorbenen Schriftsteller Ekkehard R. Bader. Wie er lebte sie lange Zeit in Berlin-Mahlsdorf. In Buschdorf begegneten sie sich wieder / _cIngo Mikat |
||
| 264 | _c2022 | ||
| 653 | _aBader, Ekkehard; Fotograf, Journalist, 1941-2022 | ||
| 773 |
_dFrankfurt (Oder) Märkisches Verlags- und Druckhaus GmbH & Co KG _tMärkische Oderzeitung _g33. Jahrgang (2022) Nr. 52 vom 03.03.2022, S. 18 |
||
| 942 | _cA | ||